| 000 | 00476nam a22001457a 4500 | ||
|---|---|---|---|
| 008 | 140606b xxu||||| |||| 00| 0 eng d | ||
| 020 | _a9780715148150 | ||
| 050 | _aLC368.L289 | ||
| 100 |
_aLankshear, David W. _910719 |
||
| 245 |
_aA Shared Vision _beducation in church schools _cdavid W. Lankshear |
||
| 260 |
_aEngland _bThe National Society and Church House Publishing _c1992 |
||
| 300 |
_a116p. ; _c22cm. |
||
| 650 |
_aChristian education _910720 |
||
| 942 |
_2lcc _cMONOGRAPH |
||
| 999 |
_c120663 _d120663 |
||